Športovci, rozhodcovia a športové kluby z pohľadu dane z príjmov fyzických osôb a DPH

Činnosť športovcov, športových klubov a rozhodcov a daň z príjmov fyzických osôb. DPH u športovcov, rozhodcov a športových klubov.

Salvato in:
Dettagli Bibliografici
Autore principale: Boráková, Marta
Altri autori: Síkorová, Jaroslava
Natura: Capitolo di libro
Lingua:slovacco
Soggetti:
Tags: Aggiungi Tag
Nessun Tag, puoi essere il primo ad aggiungerne!!

MARC

LEADER 00000naa$a2200000$$$4500
001 0056793
005 20231116125402.8
041 0 |a slo 
044 |a SK 
245 1 0 |a Športovci, rozhodcovia a športové kluby z pohľadu dane z príjmov fyzických osôb a DPH  |c Marta Boráková, Jaroslava Síkorová 
520 |a Činnosť športovcov, športových klubov a rozhodcov a daň z príjmov fyzických osôb. DPH u športovcov, rozhodcov a športových klubov. 
610 2 0 |a šport 
610 2 0 |a osoby fyzické 
610 2 0 |a dane z príjmov 
100 1 |a Boráková, Marta 
700 1 |a Síkorová, Jaroslava